<?xml version="1.0" encoding="UTF-8"?><?xml-stylesheet type="text/xsl" href="static/style.xsl"?><OAI-PMH xmlns="http://www.openarchives.org/OAI/2.0/" xmlns:xsi="http://www.w3.org/2001/XMLSchema-instance" xsi:schemaLocation="http://www.openarchives.org/OAI/2.0/ http://www.openarchives.org/OAI/2.0/OAI-PMH.xsd"><responseDate>2026-04-13T06:53:05Z</responseDate><request verb="GetRecord" identifier="oai:www.recercat.cat:10459.1/47046" metadataPrefix="marc">https://recercat.cat/oai/request</request><GetRecord><record><header><identifier>oai:recercat.cat:10459.1/47046</identifier><datestamp>2024-12-05T21:41:57Z</datestamp><setSpec>com_2072_3622</setSpec><setSpec>col_2072_479130</setSpec></header><metadata><record xmlns="http://www.loc.gov/MARC21/slim" xmlns:dcterms="http://purl.org/dc/terms/" xmlns:xsi="http://www.w3.org/2001/XMLSchema-instance" xmlns:doc="http://www.lyncode.com/xoai" xsi:schemaLocation="http://www.loc.gov/MARC21/slim http://www.loc.gov/standards/marcxml/schema/MARC21slim.xsd">
   <leader>00925njm 22002777a 4500</leader>
   <datafield ind2=" " ind1=" " tag="042">
      <subfield code="a">dc</subfield>
   </datafield>
   <datafield ind2=" " ind1=" " tag="720">
      <subfield code="a">Pelegrí Viaña, Xavier</subfield>
      <subfield code="e">author</subfield>
   </datafield>
   <datafield ind2=" " ind1=" " tag="260">
      <subfield code="c">2014-02-28T15:08:23Z</subfield>
   </datafield>
   <datafield ind2=" " ind1=" " tag="260">
      <subfield code="c">2014-02-28T15:08:23Z</subfield>
   </datafield>
   <datafield ind2=" " ind1=" " tag="260">
      <subfield code="c">2006</subfield>
   </datafield>
   <datafield ind2=" " ind1=" " tag="520">
      <subfield code="a">El proceso de convergencia hacia el llamado Espacio Europeo de Educación Superior es una oportunidad que podemos aprovechar para replantearnos tanto la formación de nuestros alumnos como los requerimientos profesionales que exige hoy día el trabajo social. En este sentido, el estudio de las competencias profesionales que se realizó para presentar la propuesta del Título de grado en Trabajo Social ya representó una aproximación a las percepciones existentes entre la comunidad profesional.&#xd;
Partiendo de aquellos datos, la presente comunicación pretende aportar una particular reflexión sobre el significado de las competencias que se demandan a los futuros profesionales y los roles del trabajo social que implícitamente se potencian. Del análisis de las competencias más valorados se pueden inferir las representaciones predominantes que se construyen entorno al modelo de profesional que se pide, lo cual, en la práctica, compromete la formación que deberían proporcionar los centros universitarios. La asunción acrítica de los requerimientos del mercado –en parte potenciados por la propia convergencia europea– supone unas consecuencias a nivel académico y también profesional que no pueden ignorarse sin grave riesgo para el futuro del trabajo social y la realidad social en la que éste se ve implicado.</subfield>
   </datafield>
   <datafield ind1="8" ind2=" " tag="024">
      <subfield code="a">http://hdl.handle.net/10459.1/47046</subfield>
   </datafield>
   <datafield tag="653" ind2=" " ind1=" ">
      <subfield code="a">Competencias</subfield>
   </datafield>
   <datafield tag="653" ind2=" " ind1=" ">
      <subfield code="a">Roles</subfield>
   </datafield>
   <datafield tag="653" ind2=" " ind1=" ">
      <subfield code="a">Modelos profesionales</subfield>
   </datafield>
   <datafield tag="653" ind2=" " ind1=" ">
      <subfield code="a">Formación</subfield>
   </datafield>
   <datafield tag="653" ind2=" " ind1=" ">
      <subfield code="a">Espai Europeu d'Educació Superior</subfield>
   </datafield>
   <datafield tag="653" ind2=" " ind1=" ">
      <subfield code="a">Treball social</subfield>
   </datafield>
   <datafield ind2="0" ind1="0" tag="245">
      <subfield code="a">Los roles en trabajo social: profesionalización y formación</subfield>
   </datafield>
</record></metadata></record></GetRecord></OAI-PMH>